| 000 | 00746nas a22002177a 4500 | ||
|---|---|---|---|
| 005 | 20110418110011.0 | ||
| 006 | a|||||r|||||00| 0 | ||
| 007 | ta | ||
| 008 | 110418c xxu||||| |||| 00| 0 eng d | ||
| 245 |
_aCitadel _bbi-annual newsletter |
||
| 260 |
_aDelhi: _bRukmini Devi Institute of Advance Studies, _c2011- |
||
| 300 |
_av. _c30 cm |
||
| 310 | _aBi-annual | ||
| 362 | _aJuly-Dec 2010 | ||
| 650 | _927318 | ||
| 700 |
_aMahander Singh, Ed. _927319 |
||
| 856 | _uhttp://rdias.ac.in/citadel.php | ||
| 270 |
_a2A&2B, Madhuban Chowk, Outer Ringh Road, Phase-I, Rohini _bDelhi _e110085 _k27864596, 27867301 _l27867212 _madmin@rdias.ac.in _zwww.rdias.ac.in |
||
| 942 |
_2ddc _cSR _s1 |
||
| 999 |
_c51651 _d51651 |
||